UK Towns Quiz - Oxfordshire - Extreme - Statistics

General Stats
  • This quiz has been taken 129 times
  • The average score is 18 of 76
Answer Stats
Clue Population Name of Town % Correct
O 170,798 Oxford
99%
B 52,052 Banbury
85%
D 34,598 Didcot
78%
A 33,175 Abingdon-on-Thames
76%
B 37,748 Bicester
74%
W 30,168 Witney
68%
T 12,951 Thame
62%
H 11,782 Henley-on-Thames
60%
K 14,644 Kidlington
56%
W 8,455 Wallingford
56%
W 13,106 Wantage
55%
C 6,985 Chipping Norton
52%
F 8,620 Faringdon
46%
W 3,521 Woodstock
44%
C 2,804 Charlbury
39%
C 17,949 Carterton
38%
E 5,324 Eynsham
35%
R 2,078 Radley
35%
B 1,522 Burford
34%
G 7,945 Grove
32%
H 2,187 Hook Norton
29%
W 4,306 Wheatley
29%
G 3,436 Goring
28%
W 2,439 Watlington
28%
K 4,595 Kennington
27%
Y 3,227 Yarnton
26%
C 3,774 Cholsey
24%
L 3,035 Long Hanborough
24%
C 7,275 Chinnor
22%
B 5,234 Benson
21%
B 3,680 Bloxham
21%
D 1,769 Deddington
20%
H 3,070 Harwell
19%
S 3,056 Sutton Courtenay
19%
U 2,475 Upper Heyford
19%
A 3,316 Adderbury
16%
S 5,351 Shrivenham
16%
B 2,993 Bampton
15%
B 4,743 Bodicote
15%
D 3,110 Drayton
15%
K 3,903 Kingston Bagpuize
15%
N 1,733 North Leigh
15%
M 2,963 Milton-under-Wychwood
13%
S 2,209 Steventon
13%
T 1,073 Tackley
13%
A 1,174 Aston
12%
S 5,263 Sonning Common
12%
G 1,296 Garsington
11%
W 1,323 Wolvercote
11%
W 2,428 Wootton
11%
B 2,771 Berinsfield
9%
C 2,807 Chalgrove
9%
L 1,084 Lower Shiplake
9%
M 1,270 Minster Lovell
9%
S 1,182 Standlake
9%
C 1,378 Chilton
8%
E 1,232 East Hanney
8%
L 1,375 Launton
8%
M 1,762 Middle Barton
8%
S 1,663 Stonesfield
8%
F 1,521 Freeland
7%
H 1,467 Horspath
7%
M 2,029 Marcham
7%
D 1,585 Ducklington
6%
E 1,031 East Challow
6%
E 1,369 East Hendred
6%
S 2,302 Stanford in the Vale
6%
W 2,196 Woodcote
6%
A 2,736 Ambrosden
5%
U 1,660 Upper Arncott
5%
B 1,709 Blewbury
2%
C 1,179 Chesterton
2%
C 1,327 Crowmarsh Gifford
2%
S 1,892 Shippon
2%
B 1,243 Brightwell
1%
C 1,126 Chawley
1%
No matching quizzes found
Score Distribution
Percent of People with Each Score
Percentile by Number Answered
Your Score History
You have not taken this quiz